| 000 | 00699nam a22002177a 4500 | ||
|---|---|---|---|
| 999 |
_c180182 _d180182 |
||
| 005 | 20210728115030.0 | ||
| 010 | _aB-740666 | ||
| 020 |
_a9788123761060 _c140.00 |
||
| 035 | _aB-740666 | ||
| 037 | _bGift | ||
| 082 | _a031.02 | ||
| 100 | _aPal, Yash | ||
| 245 |
_aRandom curiosity / _cby Yash Pal [and] Rahul Pal |
||
| 260 |
_bNational Book Trust _c2011 _aNew Delhi |
||
| 270 |
_aNehru Bhawan, 5 Institutional Area, Phase-II, Vasant Kunj _bNew Delhi _e110070 |
||
| 300 |
_axxxv, 258p.: _c21cm(pbk) _bill. |
||
| 500 | _ainclude index | ||
| 700 | _aPal, Rahul | ||
| 942 |
_2ddc _cEN _h031.02 _mPAL |
||